Entry Nombre personal
001 - NÚMERO DE CONTROL
- campo de control: 45128
003 - IDENTIFICADOR DE NÚMERO DE CONTROL
- campo de control: SpMaBN
005 - FECHA Y HORA DE LA ÚLTIMA TRANSACCIÓN
- campo de control: 20231213200806.0
008 - ELEMENTOS DE DATO DE LONGITUD-FIJA
- campo de control de longitud fija: 980128n| aijnnaabn |n aaa
016 ## - NÚMERO DE CONTROL DE UNA AGENCIA BIBLIOGRÁFICA NACIONAL
- Número de control del registro: BNE19980074539
024 7# - IDENTIFICADOR DE OTROS ESTÁNDARES
- Número estándar o código: http://viaf.org/viaf/54262461/
- Fuente: viaf
024 7# - IDENTIFICADOR DE OTROS ESTÁNDARES
- Número estándar o código: https://isni.org/isni/0000000059209002
- Fuente: isni
040 ## - FUENTE DE CATALOGACIÓN
- Centro catalogador/agencia de origen: SpMaBN
- Lengua de catalogación: spa
- Centro/agencia transcriptor: SpMaBN
- Normas de descripción: rdc
- Convención/Normas de encabezamiento de materia/tesauro: embne
100 1# - ENCABEZAMIENTO-NOMBRE DE PERSONA
- Nombre de persona: Domingo Acebrón, María Dolores,
- Fechas asociadas al nombre: 1955-
370 ## - LUGAR ASOCIADO
- Lugar de nacimiento: España, Madrid (Comunidad Autónoma), Madrid
373 ## - GRUPO ASOCIADO
- Grupo asociado: Ateneo de Madrid
- Período de inicio: 1982
- Fuente de información: Censo mensual de socios 2023
374 ## - OCUPACIÓN
- Ocupación: Historiadores
- Ocupación: Profesores universitarios
- Fuente del término: embne
375 ## - GÉNERO/SEXO
- Género: Femenino
377 ## - IDIOMA ASOCIADO
- Término de lengua/lenguaje: Español
670 ## - FUENTE DE DATOS ENCONTRADOS
- Cita de la fuente: Rafael María de Labra, 1997
- Información encontrada: port. (edición de Mª Dolores Domingo Acebrón)
670 ## - FUENTE DE DATOS ENCONTRADOS
- Cita de la fuente: WWW ABEPI, 17-9-2018
- Información encontrada: (María Dolores Domingo Acebrón; n. en Madrid en 1955; historiadora)
670 ## - FUENTE DE DATOS ENCONTRADOS
- Cita de la fuente: WWW UCM, 17-9-2018
- Información encontrada: (María Dolores Domingo Acebrón; profesora de la Facultad de Geografía e Historia, en el Departamento de Historia de América y Medieval y Ciencias Historiográficas)
678 ## - DATOS BIOGRÁFICOS O HISTÓRICOS
- Datos biográficos o históricos: Socia del Ateneo de Madrid n. 18682; ingresó el 31/3/1982
- Ampliación de la nota: Fuente: Censo mensual de socios 2023
